Tertulianus praedicans, et supra quamlibet materiam omnibus anni dominicis, & festis non ordinariis solum, sed etiam extraordinariis, singulisque Quadragesimae feriis praedicabilem, ordine alphabetico copiose dispositam ... conciones (Registro nro. 67663)

Detalles MARC
000 -ENCABEZADO
Número de control [NR] 02172nam a22003017a 4500
005 - FECHA Y HORA DE LA ÚLTIMA TRANSACCIÓN
control field 20160217095028.0
008 - DE LONGITUD FIJA DE DATOS DE ELEMENTOS - INFORMACIÓN GENERAL
Elementos de longitud fija [NR] 130419s1747||||it ||||fr|||||001|0|lat d
040 ## - FUENTE DE CATALOGACION [NR]
Quien Cataloga Sandra Yazo
Quien Clasifica Sandra Yazo
Idioma de catalogación [NR] spa
041 0# - CODIGO DE IDIOMA [R]
Código de idioma para texto/pista de sonido o título separado [R] Latín
082 04 - NUMERO DE CLASIFICACION DECIMAL DEWEY [R]
Número de clasificación [R] 291.61
Número de la edición [NR] 20
092 ## - SIGNATURA TOPOGRAFICA LOCAL
Número de clasificación local E03N004
100 1# - ASIENTO PRINCIPAL--NOMBRE PERSONAL [NR]
Nombre personal [NR] Vivien, Michaele
ID Autoridad 28445
242 00 - TRADUCCION DEL TITULO POR LA AGENCIA CATALOGADORA [R]
Título [NR] Tertuliano predicando. Guías de predicación, ordenadas alfabéticamente, sobre todos los temas para los domingos, fiestas ordinarias y extraordinarias y días de cuaresma. Organizadas en sermones
Mención de responsabilidad, etc. [NR] autor Miguel Vivien
Código de idioma del título traducido [NR] spa
245 10 - MENCION DE TITULO [NR]
Título [NR] Tertulianus praedicans, et supra quamlibet materiam omnibus anni dominicis, & festis non ordinariis solum, sed etiam extraordinariis, singulisque Quadragesimae feriis praedicabilem, ordine alphabetico copiose dispositam ... conciones
Mención de responsabilidad, etc. [NR] auctore R. P. Michaele Vivien
246 18 - FORMA VARIANTE DEL TITULO [R]
Título propiamente dicho/forma breve del título [NR] Tertulianus praedicans
250 ## - MENCION DE EDICION [NR]
Mención de edición [NR] Editio octava, [Octava edición]
Resto de la mención de edición [NR] correcta et emendata [corregida y enmendada]
260 ## - PUBLICACION, DISTRIBUCION, ETC. (PIE DE IMPRENTA) [R]
Lugar de publicación, distribución, etc. [R] Patavii [Padua] (Italia)
Nombre del editor, distribuidor, etc. [R] Ex typographia Seminarii Apud Joannem Manfrè [En la imprenta del Seminario en los talleres de Juan Manfré]
Fecha de publicación, distribución, etc. [R] 1747
300 ## - DESCRIPCION FISICA [R]
Extensión [R] 2 volúmenes (80, 632 ;16, 688 páginas)
Dimensiones [R] 34 x 23 cm.
500 ## - NOTA GENERAL [R]
Nota general [NR] Detalles físicos: Encuadernación flexible en pergamino, en buen estado. Guardas. Portada impresa en una sola tinta, con la marca tipográfica del editor. Texto impreso en dos columnas, con varios tipos de letra, separadas por una línea vertical. Apostillas marginales. Signaturas y reclamos. Mayúsculas capitales. Cenefas. Ejemplares en buen estado de conservación. V.1 con abrasión en la portada, conserva las correas de los cierres V.2 Con dobleces en las primeras páginas y tapa
505 ## - NOTA DE CONTENIDO CON FORMATO PREESTABLECIDO [R]
Mención de responsabilidad [R] V.1: Sermones para distintas oportunidades: De Abstinencia a Juicio final -- V.2: De Lágrimas a Verbo de Dios
506 ## - NOTA DE RESTRICCIONES DE ACCESO [R]
Condiciones de acceso [NR] Consulta en sala
546 ## - NOTA DE IDIOMA [R]
Nota de idioma [NR] Texto en latín
600 1# - ASIENTO SECUNDARIO DE MATERIA - NOMBRE PERSONAL [R]
Nombre personal [NR] Tertuliano, Quinto Septimio Florente
9 (RLIN) 28446
650 #7 - ASIENTO SECUNDARIO DE MATERIA - TERMINO TEMATICO [R]
Término temático o nombre geográfico como elemento de entrada [NR] Oratoria sagrada
9 (RLIN) 20808
Subdivisión general [R] Obras anteriores a 1800
650 #7 - ASIENTO SECUNDARIO DE MATERIA - TERMINO TEMATICO [R]
Término temático o nombre geográfico como elemento de entrada [NR] Sermones de festividades religiosas
9 (RLIN) 28279
Subdivisión de forma [R] Obras anteriores a 1800
690 ## - ASUNTO AGREGADO LOCAL DE ENTRADA - TÉRMINO TEMÁTICO (OCLC, RLIN)
Acceso temático local Iglesias
9 (RLIN) 17149
942 ## - ELEMENTOS DE ENTRADA AGREGADOS (KOHA)
Tipo de ítem principal el descrito en 300a Libro
Edición 8
Tema principal 4
Sistema de clasificación LOCAL
Clasificación E03N004
Existencias
Suprimido Perdido Sistema de clasificación Dañado No prestable Tipo de ítem específico Ubicación habitual Ubicación actual Localización Fecha de creación Forma de adquisición Costo Volúmen / Fascículo Total préstamos Signatura topográfica Código de barras Última vez visto Ejemplar Price effective from Tipo de ítem
    DEWEY     Libro archivo Archivo Histórico Archivo Histórico Archivo histórico 15/02/2013 Donación 0.00 V.2   E03N004 L000368 15/12/2012 Ej.1 03/02/2013 Libro
    DEWEY     Libro archivo Archivo Histórico Archivo Histórico Archivo histórico 15/02/2013 Donación 0.00 V.1   E03N004 L000367 15/02/2013 Ej.1 15/02/2013 Libro